000 01308cam a2200133 4500500
005 20260405085600.0
041 _afre
042 _adc
100 1 0 _aMeiss, Marjorie
_eauthor
245 0 0 _aLa culture matérielle de la France : XVIe-XVIIIe siècle
260 _bArmand Colin,
_c2016.
520 _aL’histoire du quotidien des temps passés est devenue indispensable pour appréhender une époque. Outre les grands événements politiques, la compréhension de la société de la France moderne passe par le rapport de l’homme aux objets et révèle les différents niveaux de la réalité du temps : histoire sociale, économique, culturelle, mais aussi scientifique et technique. Entre villes et campagnes, la description des habitats, des pratiques alimentaires, des parures du corps autant que des intérieurs et des objets permet de dessiner un portrait sensible des Français d’hier. S’appuyant sur les sources les plus diverses : lettres, inventaires après-décès, statistiques, littérature et iconographie, cette histoire « modeste » propose une vision toujours plus précise de la société française à travers son évolution sur trois siècles.
856 4 1 _uhttps://shs.cairn.info/la-culture-materielle-de-la-france--9782200286569?lang=fr&redirect-ssocas=7080
999 _c2198715
_d2198715